| 000 | 01196nas a2200385 4500 | ||
|---|---|---|---|
| 001 | BR0103154 | ||
| 003 | BR-BrBNA | ||
| 005 | 20231205102326.0 | ||
| 007 | ta | ||
| 008 | 230509b bl.|||p| |||| 00| 00por d | ||
| 040 |
_aBR-BrBNA _bpor _cBiblioteca Nacional de Agricultura |
||
| 041 | _a(Pt) | ||
| 072 | _aL10; L53 | ||
| 100 | 1 | _aSilva, A.M. da | |
| 100 | 1 | _aAlencar, M.M. de | |
| 100 | 1 | _aFreitas, A.R. de | |
| 100 | 1 | _aBarbosa, R.T. | |
| 100 | 1 | _aBarbosa, P.F. | |
| 100 | 1 | _aOliveira, M.C. de S. | |
| 100 | 1 | _aCorrea, L. de A. | |
| 100 | 1 | _aNovaes, A.P. de | |
| 100 | 1 | _aTullio, R.R. | |
| 245 | 1 | _aHerdabilidades e correlacoes geneticas para peso e perimetro escrotal de machos e caracteristicas reprodutivas e de crescimento de femeas, na raca Canchim | |
| 650 | _aGado Canchim | ||
| 650 | _aFemea | ||
| 650 | _aReproducao Animal | ||
| 650 | _aHereditariedade | ||
| 650 | _aRaca | ||
| 650 | _aSelecao Genetica | ||
| 650 | _aPeso | ||
| 650 | _aCrescimento | ||
| 773 | 0 |
_tRevista Brasileira de Zootecnia (Brazil) _xISSN 1516-3598 _g(Nov-Dec 2000), v. 29(6)Suplemento 2 p. 2223-2230 _wBR0103154 |
|
| 909 |
_a202311 _bLúcia _c55 _dLúcia Elande |
||
| 942 |
_2AGRIS _n0 _cANA |
||
| 999 |
_c166981 _d166981 |
||